Imiona nadane dziewczynkom w 2009 roku - Statystyki

Ogólne statystyki
  • Ten quiz został rozwiązany 111 razy
  • Średni wynik to 71 z 100
Statystyki odpowiedzi
Hint Odpowiedź % Poprawnych
J Julia
95%
V Victoria
95%
W Weronika
95%
W Wiktoria
95%
Z Zofia
95%
A Anna
93%
L Lena
93%
N Natalia
92%
O Olivia
92%
O Oliwia
92%
P Paulina
92%
Z Zuzanna
90%
H Hanna
89%
M Maria
89%
M Marta
89%
A Aleksandra
88%
K Katarzyna
88%
P Patrycja
88%
A Amelia
86%
M Martyna
86%
B Barbara
85%
M Maja
85%
M Maya
85%
A Alicja
84%
D Daria
84%
K Karolina
84%
L Laura
84%
M Magda
84%
M Milena
84%
E Emilia
82%
N Nikola
79%
D Dominika
78%
I Izabela
78%
Ł Łucja
78%
N Nina
78%
E Ewa
77%
K Kinga
77%
M Michalina
77%
G Gabriela
75%
I Iga
75%
M Magdalena
75%
P Pola
75%
U Urszula
75%
A Agnieszka
74%
K Kornelia
74%
N Nicola
74%
R Róża
74%
N Nadia
73%
A Agata
71%
K Kaja
71%
M Marianna
71%
A Adrianna
70%
A Antonina
70%
E Eliza
70%
H Helena
70%
K Klaudia
70%
M Malwina
70%
M Monika
70%
S Sara
68%
S Sylwia
68%
V Vanessa
68%
W Wanessa
68%
L Lilianna
67%
D Dorota
66%
M Marcelina
66%
O Olga
66%
A Anastazja
64%
J Joanna
64%
J Justyna
64%
K Klara
64%
M Małgorzata
63%
M Matylda
63%
P Paula
63%
J Jagoda
62%
K Kamila
62%
L Lidia
62%
R Rozalia
62%
A Angelika
59%
A Aurelia
59%
A Aniela
58%
R Roksana
58%
J Judyta
56%
E Ewelina
55%
J Julita
55%
L Liliana
55%
S Sandra
55%
B Blanka
51%
D Dagmara
51%
K Kalina
48%
N Natasza
48%
N Nicole
45%
L Liwia
44%
B Bianka
41%
J Jessica
41%
A Anita
40%
K Karina
38%
M Marlena
38%
S Sonia
37%
T Tatiana
36%
M Marika
29%
Nie znaleziono quizów pasujących do podanych kryteriów
Rozkład punktacji
Procent ludzi z każdym wynikiem
Percentyl według liczby udzielonych odpowiedzi
Twoja historia wyników
Nie rozwiązałeś tego quizu